Ceramics in Egypt /

محفوظ في:

المؤلف الرئيسي: Al-Sadr, Said (مؤلف)

مؤلفون آخرون: Allam, Thoraya M., Al-Sadr, Fawzia.

التنسيق: كتاب

اللغة: English

الطبعة: first edition.

سلاسل: Prism art series ; 5.

الموضوعات:

الوسوم: إضافة وسم

لا توجد وسوم, كن أول من يضع وسما على هذه التسجيلة!

رقم الطلب: NK4175 .A5

LEADER 00980namaa2200289 4500
003 OSt
005 20200308085115.0
008 130303s1991 ua a g 000 0 eng d
952 |0 0  |1 0  |2 lcc  |4 0  |6 NK4175 A5  |7 1  |9 309  |a ARCE  |b ARCE  |d 2020-03-08  |l 0  |o NK4175 .A5  |p 1006202  |r 2020-03-08 00:00:00  |w 2020-03-08  |y BK 
999 |c 1244  |d 1244 
010 |a 92960183 
020 |a 9772350111 
040 |c ARCE Library 
043 |a f-ua--- 
050 0 4 |a NK4175 .A5 
100 1 |a Al-Sadr, Said,  |e author 
245 1 0 |a Ceramics in Egypt /  |c by Said Al-Sadr ; translated by Thoraya M. Allam ; revised by Fawzia Al-Sadr. 
250 |a first edition. 
264 1 |a Cairo :  |b Ministry of Culture, Foreign Cultural Relations,  |c 1991. 
300 |a 52 pages :  |b illustrations ;  |c 20 cm. 
490 1 |a Prism art series ;  |v 5 
650 0 |a Pottery, Ancient  |z Egypt. 
650 0 |a Pottery, Egyptian. 
700 1 |a Allam, Thoraya M.  
700 1 |a Al-Sadr, Fawzia.  
830 0 |a Prism art series ;  |v 5. 
942 |c BK  |2 lcc